[Event "Hessenliga 1819"]
[Site "Hessen"]
[Date "2019.03.11"]
[Round "7.4"]
[White "Kraft, Wolfgang"]
[Black "Shankovsky, Andriy"]
[Result "0-1"]
[WhiteElo "2134"]
[BlackElo "2347"]
[PlyCount "104"]
[EventDate "2018.09.23"]
[EventType "team-tourn"]
[EventRounds "9"]
[EventCountry "GER"]
[SourceTitle "EXT 2020"]
[Source "ChessBase"]
[SourceDate "2019.10.17"]
[SourceVersion "1"]
[SourceVersionDate "2019.10.17"]
[SourceQuality "1"]
[WhiteTeam "Dettingen"]
[BlackTeam "Bad Emstal/Wolfhagen"]
[WhiteTeamCountry "GER"]
[BlackTeamCountry "GER"]

1. e4 c5 2. Nf3 d6 3. Bb5+ Bd7 4. Bxd7+ Qxd7 5. 0-0 Nc6 6. c3 Nf6 7. d4 Nxe4 8. d5 Nd8 9. Re1 Nf6 10. c4 e5 11. dxe6 Nxe6 12. Nc3 Be7 13. Nd5 0-0 14. b3 Rfe8 15. Nxe7+ Rxe7 16. Bb2 Ne8 17. Qd2 Rd8 18. Nh4 Qc6 19. Nf5 Red7 20. Rad1 Kf8 21. Ne3 Nf4 22. Nd5 Nxd5 23. cxd5 Qc7 24. Qd3 Kg8 25. Qe3 Kf8 26. Qd3 Kg8 27. Qe3 f6 28. h4 Rf7 29. Re2 Qd7 30. Rde1 Nc7 31. Qf3 Re8 32. h5 h6 33. Rxe8+ Nxe8 34. Qe4 Nc7 35. Re3 Rf8 36. Rg3 Kh8 37. Rg6 Rf7 38. g4 Qe7 39. Qd3 Kg8 40. Kf1 Kf8 41. f3 b5 42. Kf2 a6 43. a3 Qd8 44. Qf5 Qa8 45. Rxg7 Kxg7 46. Qg6+ Kf8 47. Bxf6 Qxd5 48. Qxh6+ Ke8 49. Qh8+ Rf8 50. Qg7 Qf7 51. g5 Nd5 52. h6 Nxf6 0-1

[Event "Hessenliga 1819"]
[Site "Hessen"]
[Date "2018.11.04"]
[Round "2.6"]
[White "Kraft, Wolfgang"]
[Black "Dios, Erwin Michael"]
[Result "1-0"]
[WhiteElo "2134"]
[BlackElo "1962"]
[PlyCount "41"]
[EventDate "2018.09.23"]
[EventType "team-tourn"]
[EventRounds "9"]
[EventCountry "GER"]
[SourceTitle "EXT 2020"]
[Source "ChessBase"]
[SourceDate "2019.10.17"]
[SourceVersion "1"]
[SourceVersionDate "2019.10.17"]
[SourceQuality "1"]
[WhiteTeam "Dettingen"]
[BlackTeam "Giessen"]
[WhiteTeamCountry "GER"]
[BlackTeamCountry "GER"]

1. e4 c5 2. Nf3 Nc6 3. Bb5 g6 4. 0-0 Bg7 5. c3 e5 6. d4 cxd4 7. cxd4 Nxd4 8. Nxd4 exd4 9. Bf4 Qb6 10. Na3 Ne7 11. Nc4 Qe6 12. Nd6+ Kf8 13. Bc4 Qf6 14. Qd2 g5 15. Bg3 h5 16. e5 Qg6 17. Bxf7 Qh6 18. f4 g4 19. Bh4 Qh7 20. Bxe7+ Kxe7 21. Qxd4 1-0

[Event "Mainz Ordix op 16th"]
[Site "Mainz"]
[Date "2009.08.01"]
[Round "1"]
[White "Bacrot, Etienne"]
[Black "Kraft, Wolfgang"]
[Result "1-0"]
[WhiteElo "2721"]
[BlackElo "2134"]
[PlyCount "53"]
[EventDate "2009.08.01"]
[EventType "swiss (rapid)"]
[EventRounds "11"]
[EventCountry "GER"]
[SourceTitle "CBM 131 Extra"]
[Source "ChessBase"]
[SourceDate "2009.09.03"]
[SourceVersion "2"]
[SourceVersionDate "2009.09.16"]
[SourceQuality "1"]

1. d4 Nf6 2. c4 g6 3. Nc3 Bg7 4. e4 d6 5. Nf3 0-0 6. Be2 e5 7. 0-0 Nc6 8. d5 Ne7 9. b4 Nd7 10. Ba3 f5 11. Ng5 Nf6 12. c5 fxe4 13. cxd6 cxd6 14. Ncxe4 Nxe4 15. Nxe4 Bf5 16. Ng5 Rc8 17. b5 e4 18. Rc1 Qb6 19. g4 Bh6 20. h4 Bd7 21. Rxc8 Nxc8 22. Nxe4 Rf4 23. Bc1 Rxe4 24. Bxh6 Rd4 25. Qa1 Bxg4 26. Rd1 Bxe2 27. Rxd4 1-0

[Event "Hessenliga 0708"]
[Site "Germany"]
[Date "2007.10.28"]
[Round "2.7"]
[White "Kraft, Wolfgang"]
[Black "Montermann, Klaus"]
[Result "1/2-1/2"]
[WhiteElo "2108"]
[BlackElo "2125"]
[PlyCount "107"]
[EventDate "2007.09.30"]
[EventType "team"]
[EventRounds "9"]
[EventCountry "GER"]
[SourceTitle "EXT 2009"]
[Source "ChessBase"]
[SourceDate "2008.11.26"]
[SourceVersion "1"]
[SourceVersionDate "2008.11.26"]
[SourceQuality "1"]
[WhiteTeam "Dettingen"]
[BlackTeam "Marburg"]
[WhiteTeamCountry "GER"]
[BlackTeamCountry "GER"]

1. e4 Nf6 2. e5 Nd5 3. c4 Nb6 4. c5 Nd5 5. Nc3 Nxc3 6. dxc3 d5 7. cxd6 exd6 8. Bc4 Nc6 9. Nf3 Be7 10. exd6 Qxd6 11. Qxd6 Bxd6 12. 0-0 0-0 13. h3 Bd7 14. Be3 Rfe8 15. Rad1 a6 16. Bc5 Be6 17. Bxe6 Rxe6 18. Bxd6 Rxd6 19. Rxd6 cxd6 20. Rd1 Rd8 21. Nd4 Nxd4 22. Rxd4 f5 23. f4 Kf7 24. Kf2 Ke6 25. Ke3 Re8 26. Kd3 h5 27. Rb4 Re7 28. Rb6 h4 29. Kd4 Rd7 30. c4 Rc7 31. b4 Ke7 32. Kd5 a5 33. c5 dxc5 34. bxc5 a4 35. Rb4 a3 36. Rb3 Kf6 37. Rxa3 Rd7+ 38. Kc4 Rd2 39. Rb3 Rc2+ 40. Kd4 Rd2+ 41. Kc3 Rxg2 42. Rb6+ Kf7 43. Rxb7+ Ke6 44. Kd4 Rd2+ 45. Kc4 Rxa2 46. Rxg7 Ra4+ 47. Kb5 Rxf4 48. Rh7 Kd5 49. Rd7+ Ke6 50. Rd3 Rf1 51. c6 Rb1+ 52. Kc5 Rc1+ 53. Kb6 f4 54. c7 1/2-1/2

[Event "Hessenliga 0607"]
[Site "Germany"]
[Date "2007.03.25"]
[Round "9.7"]
[White "Kraft, Wolfgang"]
[Black "Sunder, Thomas"]
[Result "1/2-1/2"]
[WhiteElo "2108"]
[BlackElo "2212"]
[PlyCount "63"]
[EventDate "2006.09.17"]
[EventType "team"]
[EventRounds "9"]
[EventCountry "GER"]
[SourceTitle "EXT 2008"]
[Source "ChessBase"]
[SourceDate "2007.11.25"]
[SourceVersion "1"]
[SourceVersionDate "2007.11.25"]
[SourceQuality "1"]
[WhiteTeam "Dettingen"]
[BlackTeam "Giessen"]
[WhiteTeamCountry "GER"]
[BlackTeamCountry "GER"]

1. e4 Nf6 2. e5 Nd5 3. c4 Nb6 4. c5 Nd5 5. Nc3 e6 6. Nxd5 exd5 7. d4 b6 8. cxb6 axb6 9. Nf3 Be7 10. Bd3 Ba6 11. 0-0 Bxd3 12. Qxd3 0-0 13. Be3 Na6 14. a3 c6 15. Nd2 d6 16. f4 dxe5 17. fxe5 c5 18. Nf3 c4 19. Qf5 Qc8 20. Qh5 Qe6 21. Bg5 Bxg5 22. Nxg5 Qg6 23. Qh4 Nc7 24. Rf3 Ne6 25. Rg3 Nxg5 26. Rxg5 Qc2 27. Rf1 c3 28. bxc3 Rxa3 29. Qg4 g6 30. e6 Qe4 31. Qxe4 dxe4 32. exf7+ 1/2-1/2

[Event "Landesliga Nord 0304"]
[Site "Bayern"]
[Date "2004.04.25"]
[Round "9.6"]
[White "Kraft, Wolfgang"]
[Black "Burggraf, Michael"]
[Result "1/2-1/2"]
[WhiteElo "2153"]
[BlackElo "2082"]
[PlyCount "78"]
[EventDate "2003.10.??"]
[EventType "team"]
[EventRounds "9"]
[EventCountry "GER"]
[SourceTitle "EXT 2006"]
[Source "ChessBase"]
[SourceDate "2005.11.24"]
[SourceVersion "1"]
[SourceVersionDate "2005.11.24"]
[SourceQuality "1"]
[WhiteTeam "Dettingen"]
[BlackTeam "Forchheim II"]
[WhiteTeamCountry "GER"]
[BlackTeamCountry "GER"]

1. e4 c6 2. Nc3 d5 3. Nf3 dxe4 4. Nxe4 Nd7 5. d4 Ngf6 6. Nxf6+ Nxf6 7. Bd3 Bg4 8. c3 e6 9. Bg5 Qd5 10. Bxf6 gxf6 11. Qe2 Bd6 12. Be4 Qh5 13. Qc4 Ke7 14. Nd2 f5 15. Bd3 Qg5 16. f3 Bh5 17. g3 Rhc8 18. Be2 a6 19. f4 Qh6 20. Bxh5 Qxh5 21. Qe2 Qxe2+ 22. Kxe2 c5 23. Nc4 Rc6 24. Nxd6 Kxd6 25. dxc5+ Rxc5 26. Rhd1+ Ke7 27. Rd4 Rc7 28. Rad1 Rg8 29. c4 h5 30. b3 h4 31. Kf3 hxg3 32. hxg3 Rh8 33. Kg2 b5 34. cxb5 axb5 35. R1d2 Rc1 36. Rd1 Rc2+ 37. R4d2 Rc3 38. Rd3 Rc2+ 39. R1d2 Rc1 1/2-1/2

[Event "Landesliga Nord 0304"]
[Site "Bayern"]
[Date "2003.11.23"]
[Round "3.5"]
[White "Kraft, Wolfgang"]
[Black "Frieser, Klaus"]
[Result "0-1"]
[WhiteElo "2153"]
[BlackElo "2133"]
[PlyCount "54"]
[EventDate "2003.10.??"]
[EventType "team"]
[EventRounds "9"]
[EventCountry "GER"]
[SourceTitle "EXT 2006"]
[Source "ChessBase"]
[SourceDate "2005.11.24"]
[SourceVersion "1"]
[SourceVersionDate "2005.11.24"]
[SourceQuality "1"]
[WhiteTeam "Dettingen"]
[BlackTeam "Kelheim"]
[WhiteTeamCountry "GER"]
[BlackTeamCountry "GER"]

1. e4 e5 2. Nf3 Nf6 3. Nxe5 d6 4. Nf3 Nxe4 5. d4 d5 6. Bd3 Be7 7. 0-0 Nc6 8. c4 Nb4 9. Be2 0-0 10. a3 Nc6 11. Nc3 Nxc3 12. bxc3 Be6 13. cxd5 Bxd5 14. Be3 f5 15. c4 Bxf3 16. Bxf3 f4 17. Bd5+ Kh8 18. Bc1 Nxd4 19. Rb1 Bc5 20. Rxb7 f3 21. gxf3 Qh4 22. Kh1 Bd6 23. f4 Rxf4 24. f3 c6 25. Bxc6 Rxf3 26. Rb2 Rxf1+ 27. Qxf1 Nxc6 0-1

[Event "Landesliga Nord 0203"]
[Site "Bayern"]
[Date "2003.02.23"]
[Round "7.5"]
[White "Kraft, Wolfgang"]
[Black "Assmann, Norbert"]
[Result "1/2-1/2"]
[WhiteElo "2153"]
[BlackElo "2076"]
[PlyCount "42"]
[EventDate "2002.10.20"]
[EventType "team"]
[EventRounds "9"]
[EventCountry "GER"]
[SourceTitle "EXT 2004"]
[Source "ChessBase"]
[SourceDate "2003.11.25"]
[SourceVersion "1"]
[SourceVersionDate "2003.11.25"]
[SourceQuality "1"]
[WhiteTeam "Dettingen"]
[BlackTeam "Sailauf"]
[WhiteTeamCountry "GER"]
[BlackTeamCountry "GER"]

1. e4 g6 2. d4 Bg7 3. Nc3 c6 4. Nf3 d5 5. h3 dxe4 6. Nxe4 Nf6 7. Nxf6+ exf6 8. Bd3 Qe7+ 9. Qe2 Qxe2+ 10. Bxe2 0-0 11. 0-0 b6 12. Bf4 Ba6 13. Bxa6 Nxa6 14. c3 Rfe8 15. Rfe1 Re6 16. Kf1 Rae8 17. Rad1 Rxe1+ 18. Nxe1 Rd8 19. Ke2 Bf8 20. Nd3 Bd6 21. Bxd6 Rxd6 1/2-1/2

[Event "Landesliga Nord 0102"]
[Site "Bayern"]
[Date "2002.04.28"]
[Round "9.5"]
[White "Bucka, Reinhard"]
[Black "Kraft, Wolfgang"]
[Result "0-1"]
[WhiteElo "2065"]
[BlackElo "2195"]
[PlyCount "84"]
[EventDate "2001.10.07"]
[EventType "team"]
[EventRounds "9"]
[EventCountry "GER"]
[SourceTitle "EXT 2003"]
[Source "ChessBase"]
[SourceDate "2002.11.25"]
[SourceVersion "1"]
[SourceVersionDate "2002.11.25"]
[SourceQuality "1"]
[WhiteTeam "Bamberg II"]
[BlackTeam "Dettingen"]
[WhiteTeamCountry "GER"]
[BlackTeamCountry "GER"]

1. c4 e5 2. g3 Nf6 3. Bg2 Nc6 4. Nc3 Bc5 5. e3 d5 6. Nxd5 Nxd5 7. cxd5 Nb4 8. Qb3 c6 9. e4 cxd5 10. a3 Nc6 11. exd5 Nd4 12. Qc3 Bf5 13. d3 Rc8 14. Rb1 Bb4 15. axb4 Rxc3 16. bxc3 Bxd3 17. Rb2 Nb5 18. Rd2 e4 19. Ne2 Qc7 20. Bb2 Nd6 21. Ba1 Nc4 22. Ra2 Ne5 23. 0-0 Qc4 24. Rxa7 0-0 25. Nf4 Bxf1 26. Bxf1 Qb3 27. c4 Nf3+ 28. Kg2 Qxb4 29. Be2 Ne1+ 30. Kg1 Nf3+ 31. Kg2 Re8 32. h4 h6 33. h5 Qe1 34. Bxf3 exf3+ 35. Kxf3 Qe4+ 36. Kg4 f5+ 37. Kh4 Qh1+ 38. Nh3 Re4+ 39. f4 Rxf4+ 40. gxf4 Qe1+ 41. Nf2 Qxf2+ 42. Kh3 Qxa7 0-1